|
|
|
|
| LEADER |
01890nam a2200337 a 4500 |
| 001 |
006567205 |
| 003 |
BD-DhAAL |
| 008 |
091104s2001 bg a b 001 0 eng d |
| 020 |
|
|
|a 15203247
|
| 020 |
|
|
|a 0787912581
|
| 040 |
|
|
|a Uk
|a Uk
|d BD-DhAAL
|
| 082 |
0 |
4 |
|a 155
|2 21 155.9/37Friendship--Psychological aspects.
|
| 245 |
1 |
0 |
|a The role of friendship in psychological adjustment /
|c Douglas W. Nangle, Cynthia A. Erdley, editors.
|
| 260 |
|
|
|a San Francisco, Calif. :
|b ossey-Bass,
|c 2001.
|
| 300 |
|
|
|a 112 pages :
|b ill. ;
|c 23 cm.
|
| 310 |
|
|
|a Quarterly
|
| 362 |
0 |
|
|a Vol.91,Spring 2001
|
| 490 |
0 |
|
|a New directions for child and adolescent development,
|
| 504 |
|
|
|a Includes bibliographical references and index..
|
| 526 |
|
|
|x Fahmida Saadia Rahman
Senior Lecturer
ESS
Course name and no. N/A
|
| 541 |
1 |
|
|a D.S. Book International
|e 00019484
|
| 650 |
|
|
|a Adaptability (Psychology).
|9 57288
|
| 650 |
|
|
|a Adjustment (Psychology).
|
| 700 |
1 |
|
|a Nangle, Douglas W.
|9 57286
|
| 700 |
1 |
|
|a Erdley, Cynthia Anne
|d 1964
|9 57287
|
| 852 |
4 |
|
|a Ayesha Abed Library
|j General Shelf
|
| 942 |
|
|
|2 ddc
|c BK
|
| 999 |
|
|
|c 5114
|d 5114
|
| 952 |
|
|
|0 0
|1 0
|2 ddc
|4 0
|6 155_ROL
|7 0
|9 4970
|a BRACUL
|b BRACUL
|c GEN
|d 2009-11-04
|e D.S. Book International
|g 2030.00
|l 0
|o 155 ROL
|p 3010019484
|r 2009-11-04
|t 1
|w 2009-11-04
|y BK
|x Requisitioned by Fahmida Saadia Rahman Department of ESS. Course name and no. N/A
|
| 952 |
|
|
|0 0
|1 0
|2 ddc
|4 0
|6 155_ROL
|7 0
|9 4971
|a BRACUL
|b BRACUL
|c GEN
|d 2009-11-04
|e D.S. Book International
|g 2030.00
|l 0
|o 155 ROL
|p 3010019485
|r 2009-11-04
|t 2
|w 2009-11-04
|y BK
|x Requisitioned by Fahmida Saadia Rahman Department of ESS. Course name and no. N/A
|
| 952 |
|
|
|0 0
|1 0
|2 ddc
|4 0
|6 155_ROL
|7 0
|9 4972
|a BRACUL
|b BRACUL
|c GEN
|d 2009-11-04
|e D.S. Book International
|g 2130.00
|l 1
|m 5
|o 155 ROL
|p 3010019486
|r 2024-12-08
|s 2024-11-02
|t 3
|v 6380.00
|w 2009-11-04
|y BK
|x Requisitioned by Fahmida Saadia Rahman Department of ESS. Course name and no. N/A
|